Elaboración de productos cárnicos

Saved in:
書目詳細資料
主要作者: Paltrinieri, Gaetano (autor)
其他作者: Meyer, Marco R. (autor)
格式: 圖書
語言:西班牙语
出版: Ciudad de México Trillas 1990
版:2a. ed
叢編:Manuales para la educación agropecuaria. Area industrias rurales, 29
主題:
標簽: 添加標簽
沒有標簽, 成為第一個標記此記錄!

MARC

LEADER 00000cam a2200000 a 4500
001 UCV3767
003 CL-VaPUC
008 911025e19900000MX |||||||||||||||||spa|d
082 0 4 |a 664.9  |b PAL  |2 21 
100 |a Paltrinieri, Gaetano  |e autor  |9 325410 
700 |a Meyer, Marco R.  |e autor  |9 324837 
245 1 0 |a Elaboración de productos cárnicos 
250 |a 2a. ed 
300 |a 116 p 
942 |c BK 
945 |d 19911025 00:00:00 
260 |a Ciudad de México  |b Trillas  |c 1990 
650 7 |a EMBUTIDOS  |2 CL-VaPUC  |9 259752 
583 |a last modification  |c 20180112 01:10:50  |k Rodrigo Vera 
490 0 |a Manuales para la educación agropecuaria. Area industrias rurales, 29 
999 |c 210897  |d 210895 
952 |0 0  |1 0  |4 0  |6 664_900000000000000_PAL_1990  |7 0  |8 A  |9 187911  |a BIBALI  |b BIBALI  |c RES  |d 2019-11-14  |i 2553988  |o 664.9 PAL 1990  |p 2553988  |r 2025-01-20  |w 2019-11-14  |y BK_R  |k ALI 
952 |0 0  |1 0  |3 erb  |4 0  |6 664_900000000000000_PAL_1990  |7 0  |8 A  |9 187912  |a BIBALI  |b BIBALI  |i 5448328  |o 664.9 PAL 1990  |p 5448328  |r 2025-01-20  |w 2019-11-14  |y BK  |z Catalogado en:20180114  |k ALI